Lecciones de Derecho Romano

Uloženo v:
Podrobná bibliografie
Hlavní autor: Cattan Atala, Ángela (autora)
Médium: Kniha
Jazyk:španělština
Vydáno: Santiago, Chile: Digesto, 2016
Vydání:1ª Edición
Témata:
Tagy: Přidat tag
Žádné tagy, Buďte první, kdo vytvoří štítek k tomuto záznamu!

MARC

LEADER 00000cam a2200000 a 4500
001 UCD9055
003 CL-VaPUC
005 20250326105631.0
008 170602e20160000cl |||||||||||||||||spa|d
999 |c 368353  |d 368351 
020 |a 9789568839963 
040 |c Pontificia Universidad Católica de Valparaíso 
082 0 4 |a 340.54 CAT 2016  |2 21 
100 1 |a Cattan Atala, Ángela  |e autora  |9 892898 
245 1 0 |a Lecciones de Derecho Romano 
250 |a 1ª Edición 
260 |a Santiago, Chile:  |b Digesto,  |c 2016 
300 |a 201 páginas 
583 |a last modification  |c 20170602 23:29:00  |k Rodrigo Vera 
650 0 |a Derecho romano  |x Historia y enseñanza  |9 897296 
650 0 |a Fuentes del derecho   |z Roma  |9 897297 
942 |c BK  |2 ddc 
945 |d 20170602 23:29:00  |a dcastane 
952 |0 0  |1 0  |3 erb  |4 0  |6 340_540000000000000_CAT_2016  |7 0  |8 A  |9 483642  |a BIBDER  |b BIBDER  |i 5394228  |l 19  |m 1  |o 340.54 CAT 2016  |p 5394228  |r 2025-03-21  |s 2025-03-10  |w 2019-11-24  |y BK  |z Catalogado en:20170602  |k DER 
952 |0 0  |1 0  |3 erb  |4 0  |6 340_540000000000000_CAT_2016  |7 0  |8 A  |9 483643  |a BIBDER  |b BIBDER  |i 539421K  |l 12  |m 2  |o 340.54 CAT 2016  |p 539421K  |q 2025-05-15  |r 2025-05-02  |s 2025-05-02  |w 2019-11-24  |y BK  |z Catalogado en:20170602  |k DER 
952 |0 0  |1 0  |3 erb  |4 0  |6 340_540000000000000_CAT_2016  |7 0  |8 A  |9 483644  |a BIBDER  |b BIBDER  |i 5394201  |l 17  |m 2  |o 340.54 CAT 2016  |p 5394201  |r 2025-03-25  |s 2025-03-13  |w 2019-11-24  |y BK  |z Catalogado en:20170602  |k DER 
952 |0 0  |1 0  |2 ddc  |3 erb  |4 0  |6 340_540000000000000_CAT_2016  |7 1  |8 C_LRYV  |9 483645  |a FDOBRV  |b BIBDER  |i 5469538  |l 4  |o 340.54 CAT 2016  |p 5469538  |r 2023-01-25  |s 2022-11-28  |w 2019-11-24  |y BK_X  |z Catalogado en:20180511  |k BRV